| 000 | 01625cam a2200349Ia 4500 | ||
|---|---|---|---|
| 001 | 1059074 | ||
| 005 | 20180320134807.0 | ||
| 008 | 090314s2009 ua a sb 101 0 eng d | ||
| 020 | _z9774163036 | ||
| 020 | _z9789774163036 | ||
| 035 | _a(CaPaEBR)ebr10409522 | ||
| 035 | _a(OCoLC)680621218 | ||
| 040 |
_aCaPaEBR _beng _cCaPaEBR _dEG-ScBUE |
||
| 043 | _af-ua--- | ||
| 082 | 0 | 4 |
_a338.520962 _bWHA _222 |
| 245 | 0 | 0 |
_aWhat drives prices in Egypt ? : _ban analysis in light of international experience / _cedited by Hanaa Kheir-El-Din. |
| 260 |
_aCairo ; _aNew York : _bAmerican University in Cairo Press, _c2009. |
||
| 300 |
_axi, 249 p. : _bill. ; _c24 cm. |
||
| 500 | _a"An Egyptian Center for Economic Studies publication." | ||
| 500 | _aProceedings of a conference organized by the Egyptian Center for Economic Studies (ECES) in Cairo on Nov. 25-26, 2007. | ||
| 504 | _aIncludes bibliographical references and index. | ||
| 533 |
_aElectronic reproduction. _bPalo Alto, Calif. : _cebrary, _d2011. _nAvailable via World Wide Web. _nAccess may be limited to ebrary affiliated libraries. |
||
| 650 | 7 |
_aInflation (Finance) _zEgypt _vCongresses. _2BUEsh |
|
| 650 | 7 |
_aPrices _zEgypt _vCongresses. _2BUEsh |
|
| 651 | 7 |
_aEgypt _xEconomic conditions _y21st century _vCongresses. _2BUEsh |
|
| 651 | 7 |
_aEgypt _xEconomic policy _y21st century _vCongresses. _2BUEsh |
|
| 653 |
_bBUSECO _cMarch2018 |
||
| 655 |
_vReading book _934232 |
||
| 700 | 1 |
_aKheir-El-Din, Hanaa, _eeditor. |
|
| 856 | 4 | 0 |
_uhttp://site.ebrary.com/lib/indianauniv/Doc?id=10409522 _zAn electronic book accessible through the World Wide Web; click to view |
| 942 | _2ddc | ||
| 999 |
_c26275 _d26247 |
||